Návrh opatrení smerujúcich k náprave deformácií slovenského kapitálového trhu

Bibliographic Details
Corporate Author: Asociácia obchodníkov s cennými papiermi (Bratislava, Slovensko) (Author)
Format: Article
Language:Slovak
ISSN:0862-9567
Subjects:

MARC

LEADER 00000nab a2200000 a 4500
001 vtls000672978
003 SK-MaSNL
005 20260304205654.0
008 140228c1998 xo 0 slo
015 |a SNBRB1998/10-27239 
035 |a CLN000025154 
040 |a SNKBUCL  |b slo  |c SNKBUCL  |e AACR2 
041 0 |a slo 
044 |a xo  |c SK 
080 |a 336.76(437.6):336.761:061.2(437.6)  |2 1997 
080 |a 336.761:061.2(437.6)  |2 1997 
110 0 |a Asociácia obchodníkov s cennými papiermi (Bratislava, Slovensko)  |4 aut  |9 13628 
245 0 0 |a Návrh opatrení smerujúcich k náprave deformácií slovenského kapitálového trhu  |c AOCP 
500 |a Dokončenie v č. 204/1998 
610 2 7 |a Asociácia obchodníkov s cennými papiermi (Bratislava, Slovensko)  |2 snkbucl  |9 13628 
650 0 7 |a trh kapitálový  |x Asociácia obchodníkov s cennými papiermi  |x opatrenia  |x návrhy  |2 snkbucl  |9 1540084 
655 7 |a články z novín a časopisov  |2 snkbucl  |9 267496 
773 0 |t Hospodárske noviny  |g Roč. 6, č. 203 (22.10.1998)  |x 0862-9567 
773 0 |g Roč. 6, č. 203 (22.10.1998), s. III  |x 0862-9567 
850 |a Slovenská národná knižnica v Martine 
852 |a SNK  |b KIS3GCP 
958 |a SK 
992 |a RBX 
999 |c 3122421  |d 3124351